000 00356nam a2200121Ia 4500
008 250110s9999 xx 000 0 und d
041 _aeng
100 _aBhatnagar Shivani
_9182548
245 _aMultiple Community Interactions At The Urban Level
260 _bFinal Year B. Arch, BNCA
_c2014
300 _a77p
700 _aGuide Name:Divekar Asmita
_9210221
999 _c363413
_d363413